000 01106ngm a22002890a 4500
001 PT40552
003 AR-LpoUNG
005 20210201235905.0
007 vd cvaizq
008 191001s2007||||ag |||||||||||||||||spa d
040 _aAR-LpoUNG
_bspa
_cAR-LpoUNG
_eaacr
041 _aspa
044 _aag
082 0 _a302.34 369sue
100 1 _aPécora, Paulo
_edir.
245 1 3 _aEl sueño del perro
260 _aBuenos Aires :
_bRio abajo,
_c2007.
300 _aDVD (90 min.) : son., col.
505 0 _aHecha en 2007. - Elenco: Guillermo Angelelli, Mónica Lairana, Néstor Noriega.
520 _aNarra, como si se tratara de un sueño, el drama de un hombre que, tras perder a su familia, emprende la difícil búsqueda de una redención espiritual. En sus 90 minutos de duración, el filme muestra el camino que este escritor recorre, a través de la escritura de un relato de ficción, para superar la crisis que le produjo la muerte de su mujer y su hijo.
650 4 _aDRAMA
651 4 _aArgentina
653 _aCINE ARGENTINO
653 _aVIDEOS
905 _a40552
942 _cDVD
999 _c53719
_d53719